• 首页
  • 本馆介绍
  • 公告通知
  • 最新文献
  • 馆藏检索
  • 电子资源
  • 读者导购
  • 参考咨询
  • 我的图书馆
  • 登录
  • 详细信息显示
  • 放入我的书架
  • 预约/预借图书
  • 作者相关作品
  • 分类相关作品
  • 丛书相关作品
  • 出版社相关作品

书目信息

  • 表格格式
  • 工作单格式
  • 卡片格式
题名:
好妈妈胜过好老师
    
 
作者: 启文 编著
分册:  
出版信息: 北京   中译出版社  2019.12
页数: 183页
开本: 21cm
丛书名:
单 册:
中图分类: G781
科图分类:
主题词: 儿童教育--er tong jiao yu--家庭教育
电子资源:
ISBN: 978-7-5001-6139-4
000 00788nam0 2200241 450
001 0104125650
005 20201104125714.0
010    @a978-7-5001-6139-4@dCNY29.80
100    @a20200623d2019 em y0chiy0110 ea
101 0  @achi
102    @aCN@b110000
105    @ay z 000yy
106    @ar
200 1  @a好妈妈胜过好老师@Ahao ma ma sheng guo hao lao shi@f启文编著
210    @a北京@c中译出版社@d2019.12
215    @a183页@d21cm
300    @a教子有方
330    @a本书分为上篇、中篇和下篇,主要内容包括:审视你给孩子的爱、如何给孩子高质量的爱、早期教育成就孩子的一生、阳光心态是妈妈给孩子受用一生的礼物等。
606 0  @a儿童教育@Aer tong jiao yu@x家庭教育
690    @aG781@v5
701  0 @a启文@Aqi wen@4编著
801  0 @aCN@bBJSZM@c20201104
905    @b1262119-22@dG78@e2162@f4
    
    好妈妈胜过好老师/启文编著.-北京:中译出版社,2019.12
    183页;21cm
    教子有方
    
    ISBN 978-7-5001-6139-4:CNY29.80
    本书分为上篇、中篇和下篇,主要内容包括:审视你给孩子的爱、如何给孩子高质量的爱、早期教育成就孩子的一生、阳光心态是妈妈给孩子受用一生的礼物等。
●
相关链接 在E读中查询图书 在五车中查询图书 在当当中查询图书 在豆瓣中查询图书


正题名:好妈妈胜过好老师     索取号:G78/2162         预约/预借

序号 登录号 条形码 馆藏地/架位号 状态 备注
1 1262119   212621199   第一样本阅览室/ [索取号:G78/2162] 在馆    
2 1262120   212621206   教育系资料室/ [索取号:G78/2162] 在馆    
3 1262121   212621215   教育系资料室/ [索取号:G78/2162] 在馆    
4 1262122   212621224   第四借阅区/ [索取号:G78/2162] 在馆    
唐山师范学院图书馆 欢迎您!
大连网信软件有限公司© 版权所有